01799nam a2200397 i 450000100060000000300090000600500170001500800390003201500160007103500210008704000280010804100320013604600090016808000110017708000090018824503750019724600570057224600530062924600510068224600530073324600620078626000590084830000420090738000170094965000160096665500290098265500290101170000570104070000360109771000450113370000330117885600980121194200120130999900170132195200630133812646KOSZ 00520200421153109.0080411s1961 pl a f d |000 0 pol aPB 1961/372 a(OCoLC)831359649 aWA NcWA NdKOSZ 005/EG0 apolaczeaengagerarearus k1961 a621.74 a(03)00aSłownik terminologii odlewnictwa w 6 językach :bpolski, czeski, niemiecki, angielski, francuski, rosyjski : [dzieło zbiorowe /coparte na oprac. K. Gierdziejewskiego ; red. nauk. Z. Koch przy współpr. H. Kłobukowskiej] ; Dział Słownictwa Technicznego PWT ; oprac. przy współpr. Komisji Słownictwa Stowarzyszenia Naukowo-Technicznego Odlewników Polskich.15aSborník slévarenské terminologie v 6 jazycich.15aVocabularium der Giessereitechnik in 6 Sprachen.15aVocabulary of foundry practice in 6 languages.15aVovabulaire des termes de fonderie en 6 langues.15aSbornik terminov po litejnomu proizvodstvu na 6 âzykah. aWarszawa :bPaństwowe Wydawnictwa Techniczne,c1961. aXI, [1], 391, [1] s. :bil. ;c21 cm. aKsiążki. 4aOdlewnictwo 4aSłownik terminologiczny 4aSłownik wielojęzyczny1 aGierdziejewski, Kazimierzd(1888-1957).eOpracowanie1 aKłobukowska, Helena.eRedakcja2 aPaństwowe Wydawnictwa Techniczne4pbl.1 aKoch, Zbigniew JaneRedakcja uhttp://koha.tu.koszalin.pl/cgi-bin/koha/opac-detail.pl?biblionumber=12646yKatalog online BPK 2UKDcKS c12646d12646 00104071aBPKbBPKcco7428p01989434t621.73/.77 OpyKS